LEADER 01119nam--2200385---450- 001 990002910250203316 005 20070424142939.0 010 $a88-424-9841-6 035 $a000291025 035 $aUSA01000291025 035 $a(ALEPH)000291025USA01 035 $a000291025 100 $a20070424d2005----km-y0itay50------ba 101 $aita 102 $aIT 105 $a||||||||001yy 200 1 $aInduismo$edizionario di storia, cultura, religione$fAnna L. Dallapiccola 210 $aMilano$cBruno Mondadori$dcopyr. 2005 215 $aXXVII, 350 p.$cill.$d20 cm 225 2 $aDizionari 410 0$12001$aDizionari 454 1$12001$aDictionary of Hindu$912552 461 1$1001-------$12001 606 0 $aInduismo$xDizionari 676 $a294.503 700 1$aDALLAPICCOLA,$bAnna L.$0596828 801 0$aIT$bsalbc$gISBD 912 $a990002910250203316 951 $aII.2. 4571$b191656 L.M.$cII.2.$d00122380 959 $aBK 969 $aUMA 979 $aVITALE$b90$c20070424$lUSA01$h1428 979 $aVITALE$b90$c20070424$lUSA01$h1429 996 $aDictionary of Hindu$912552 997 $aUNISA LEADER 01238nam2-2200337---450- 001 990006127070203316 005 20160218172419.0 035 $a000612707 035 $aUSA01000612707 035 $a(ALEPH)000612707USA01 035 $a000612707 100 $a20160218d1986----km-y0itay50------ba 101 $aita 102 $aIT 105 $aaf--||||001yy 200 1 $a<<6.>> Igiene e impianti tecnici, norme pratiche per l'esercizio della professione$esez. 1.,La professione di architetto, sez.2, Le tecniche di rappresentazione, sez. 3, Le attivitą professionali$fPasquale Carbonara 210 $aTorino$cUnione tipografico-editrice torinese$d1986 215 $a1059 p., [1] p. di tav.$cill.$d26 cm 461 0$1001000612676$12001$aArchitettura pratica 606 0 $aArchitettura$xEnciclopedie$2BNCF 676 $a720.351 700 1$aCARBONARA,$bPasquale$02209 801 0$aIT$bsalbc$gISBD 912 $a990006127070203316 951 $a720.351 CAR/6$b3741 Ing.$c720$d00331176 959 $aBK 969 $aTEC 979 $aPAOLA$b90$c20160218$lUSA01$h1715 979 $aPAOLA$b90$c20160218$lUSA01$h1724 996 $aIgiene e impianti tecnici, norme pratiche per l'esercizio della professione$91385067 997 $aUNISA